zpět

Detail výsledku týmu

Pivní burza Jánská, Brno

Datum a čas kvízu

34.5 Celkem bodů Celkový počet nahraných bodů na tomto kvízu bez doplňovacích otázek.
3. Pořadí na kvízu Konečné umístění týmu na tomto kvízu.

Zaznamenané odpovědi

# Otázka Odpověď Body Výsledky
1. Sociální sítě zaplavily vtípky... Emma Smetana 1
2. O víkendu došlo k teroristický... na Srí Lance 1
3. Ministr kultury Antonín Staněk... Národní galerie Praha; Muzeum umění Olomouc (stačí uvést Národní galerie a Muzeum Olomouc) 0.5
4. Pošťuchování mezi dvěma e-shop... CZC.cz 0
5. Pětileté čekání je u konce. Ho... 4 góly 1
6. V pondělí v podvečer zachvátil... svatý Ludvík (Louis) 0
7. Jeruzalémský Chrám, dle Bible... Šalamoun (též Šalomoun) 1
8. Město, ke kterému odkazuje tat... Drážďany 1
9. Stavba Národního divadla v Pra... František Josef I. 1
10. Více než padesát metrů a skoro... v Afghánistánu 1